| 000 | 00670nam a22001937a 4500 | ||
|---|---|---|---|
| 010 | _aENG-121330 | ||
| 020 | _c1100.00 | ||
| 035 | _aEN-104862 | ||
| 037 | _bDBAD/PUB | ||
| 082 | _a631.580954 | ||
| 100 | _aSingh, Anurudh K | ||
| 245 |
_aAgricultural biodiversity: _cby Anurudh K. Singh _bheritage sites and systems in India / |
||
| 260 |
_aSecunderabad _bAsian Agri-History Foundation _c2015 |
||
| 270 |
_a127, (Old no. 63), Prakasam Salai (Broadway), _bSecunderabad (Telangana) _e500009 |
||
| 300 |
_avii, 466p. _c25cm (Hb). |
||
| 500 | _aIncludes bibliographical references and glossary | ||
| 505 | _a | ||
| 942 |
_2ddc _cEN _h631.580954 _mSIN |
||
| 999 |
_c147399 _d147399 |
||